000 00479nam a2200157Ia 4500
008 090124s9999 xx 000 0 und d
082 _b22226
_a1626
245 _a कथा रुप शिवराज दर्शन
250 _a1
260 _c1974
300 _a644
630 _a कथा रुप शिवराज दर्शन
700 _aगोखले म. वि.
730 _a कथा रुप शिवराज दर्शन
942 _cBOOK
999 _c135871
_d135871